000
00329nam a2200145Ia 4500
003
OSt
005
20240320122103.0
008
170523s9999 xx 000 0 und d
020
_a
978-8120317239
040
_c
iimtu meerut
100
_a
NIGAM- JAIN
245
0
_a
COST ACCOUNTING
260
_b
TATA MC GRAW HILL
942
_2
ddc
_c
02
999
_c
1691
_d
1691